Schleichen, Panne, Parkdesaster : wenn Frauen Auto fahren /
Saved in:
| Main Author: | |
|---|---|
| Format: | Book |
| Language: | German |
| Published: |
Frankfurt am Main :
Eichborn,
c2002.
|
| Subjects: | |
| Tags: |
Add Tag
No Tags, Be the first to tag this record!
|
| LEADER | 00698nam a2200241Ia 4500 | ||
|---|---|---|---|
| 001 | 009065809-4 | ||
| 005 | 20061106143442.0 | ||
| 008 | 060919s2002 gw a 000 h ger d | ||
| 020 | |a 3821824441 | ||
| 035 | 0 | |a ocm71355030 | |
| 040 | |a TEF |c TEF | ||
| 050 | 4 | |a TL152.3 |b .G65 2002 | |
| 090 | |a TL152.3 |b .G65 2002 | ||
| 100 | 1 | |a Golluch, Norbert. | |
| 245 | 1 | 0 | |a Schleichen, Panne, Parkdesaster : |b wenn Frauen Auto fahren / |c Norbert Golluch. |
| 260 | |a Frankfurt am Main : |b Eichborn, |c c2002. | ||
| 300 | |a 1 v. (unpaged) : |b ill. ; |c 15 cm. | ||
| 650 | 0 | |a Women automobile drivers |v Humor. | |
| 650 | 0 | |a German wit and humor. | |
| 655 | 7 | |a Humor. |2 fast | |
| 988 | |a 20030322 | ||
| 049 | |a HLSS | ||
| 906 | |0 OCLC | ||


